Minority shareholders' rights. / (Record no. 7609)
[ view plain ]
| 000 -LEADER | |
|---|---|
| fixed length control field | 00817nam a22002057a 4500 |
| 003 - CONTROL NUMBER IDENTIFIER | |
| control field | OSt |
| 005 - DATE AND TIME OF LATEST TRANSACTION | |
| control field | 20210527095803.0 |
| 008 - FIXED-LENGTH DATA ELEMENTS--GENERAL INFORMATION | |
| fixed length control field | 140910b xxu||||| |||| 00| 0 eng d |
| 020 ## - INTERNATIONAL STANDARD BOOK NUMBER | |
| International Standard Book Number | 0421656603 |
| 040 ## - CATALOGING SOURCE | |
| Transcribing agency | LC |
| 050 ## - LIBRARY OF CONGRESS CALL NUMBER | |
| Classification number | KD2100.H72 |
| 100 ## - MAIN ENTRY--PERSONAL NAME | |
| Fuller form of name | Hollington, Robin |
| 245 ## - TITLE STATEMENT | |
| Title | Minority shareholders' rights. / |
| Statement of responsibility, etc. | Robin Hollington |
| 260 ## - PUBLICATION, DISTRIBUTION, ETC. | |
| Place of publication, distribution, etc. | London: |
| Name of publisher, distributor, etc. | Sweet & Maxwell, |
| Date of publication, distribution, etc. | 1999. |
| 300 ## - PHYSICAL DESCRIPTION | |
| Extent | xxix, 185 p.: |
| 500 ## - GENERAL NOTE | |
| General note | Includes index. |
| 505 ## - FORMATTED CONTENTS NOTE | |
| Formatted contents note | Contents: Introduction -- Equitable exception to the general principle of majority rule -- Winding-up on the just and equitable ground -- The unfair prejudice remedy -- Personal rights of shareholders -- Miscellaneous rights of individual shareholders -- |
| 653 ## - INDEX TERM--UNCONTROLLED | |
| Uncontrolled term | Minority stockholders -- Legal status, laws, etc. -- Great Britain |
| 942 ## - ADDED ENTRY ELEMENTS (KOHA) | |
| Source of classification or shelving scheme | Library of Congress Classification |
| Koha item type | Books |
| Withdrawn status | Lost status | Source of classification or shelving scheme | Damaged status | Not for loan | Home library | Current library | Shelving location | Date acquired | Full call number | Barcode | Date last seen | Copy number | Price effective from | Koha item type | Total Checkouts |
|---|---|---|---|---|---|---|---|---|---|---|---|---|---|---|---|
| Library of Congress Classification | WISCONSIN INTERNATIONAL UNIVERSITY COLLEGE, GHANA KUMASI LIBRARY | WISCONSIN INTERNATIONAL UNIVERSITY COLLEGE, GHANA KUMASI LIBRARY | Law Library | 21/08/2019 | KD2100.H72 | KSL/077/19 | 27/05/2021 | 1 | 27/05/2021 | Books | |||||
| Library of Congress Classification | WISCONSIN INTERNATIONAL UNIVERSITY COLLEGE, GHANA KUMASI LIBRARY | WISCONSIN INTERNATIONAL UNIVERSITY COLLEGE, GHANA KUMASI LIBRARY | Law Library | 29/05/2023 | KD2100.H721 | KSL/1889/152/23 | 26/06/2023 | 2 | 27/05/2021 | Books | |||||
| Library of Congress Classification | WISCONSIN INTERNATIONAL UNIVERSITY COLLEGE, GHANA KUMASI LIBRARY | WISCONSIN INTERNATIONAL UNIVERSITY COLLEGE, GHANA KUMASI LIBRARY | Law Library | 29/05/2023 | KD2100.H722 | KSL/1890/153/23 | 26/06/2023 | 3 | 27/05/2021 | Books |
